Biochemistry (Record no. 35845)
[ view plain ]
| 000 -LEADER | |
|---|---|
| fixed length control field | 00491nam a22001697a 4500 |
| 003 - CONTROL NUMBER IDENTIFIER | |
| control field | OSt |
| 005 - DATE AND TIME OF LATEST TRANSACTION | |
| control field | 20140311134812.0 |
| 008 - FIXED-LENGTH DATA ELEMENTS--GENERAL INFORMATION | |
| fixed length control field | 130525t xxu||||| |||| 00| 0 eng d |
| 020 ## - INTERNATIONAL STANDARD BOOK NUMBER | |
| International Standard Book Number | 9814096717 |
| 050 ## - LIBRARY OF CONGRESS CALL NUMBER | |
| Classification number | QP 514.2 |
| Item number | .M429 2001 |
| 082 ## - DEWEY DECIMAL CLASSIFICATION NUMBER | |
| Classification number | M 574.19 |
| Item number | M42 2001 |
| 245 ## - TITLE STATEMENT | |
| Title | Biochemistry |
| Statement of responsibility, etc | Mathews, Christopher K.; van Holde, K. E.; Ahern, Kevin G. |
| 260 ## - PUBLICATION, DISTRIBUTION, ETC. (IMPRINT) | |
| Place of publication, distribution, etc | Singapore |
| Name of publisher, distributor, etc | Pearson Education Asia Pte Ltd |
| Date of publication, distribution, etc | 2001 |
| 300 ## - PHYSICAL DESCRIPTION | |
| Extent | 1186 p. : |
| Other physical details | ill. |
| Dimensions | 27 cm. |
| 942 ## - ADDED ENTRY ELEMENTS (KOHA) | |
| Source of classification or shelving scheme | Library of Congress Classification |
| Koha item type | Books |
| Withdrawn status | Lost status | Source of classification or shelving scheme | Damaged status | Home library | Current library | Shelving location | Date acquired | Total Checkouts | Full call number | Barcode | Date last seen | Copy number | Price effective from | Koha item type |
|---|---|---|---|---|---|---|---|---|---|---|---|---|---|---|
| Library of Congress Classification | College Library | College Library | General Circulation Section | 05/25/2013 | QP 514.2 .M429 2011 | C1303 | 05/15/2018 | 1 | 11/14/2013 | Books |